000 00356nam a2200133Ia 4500
008 240624s9999 xx 000 0 und d
041 _aeng
082 _a658.4063 STO
100 _aSTOREY JOHN
245 _aMANAGERS OF INNOVATION INSIGHTS INTO MAK
260 _c2005
_aOxford
_bBlackwell Publishing
300 _aix, : 193 : p. : cm. ; 24
365 _c
_b28
999 _c21325
_d21325